000 00817nam a22002297a 4500
999 _c646
_d646
003 AR-CdUCM
008 190225b ||||| |||| 00| 0 eng d
020 _a8472322378
040 _aMUNICIPALIDAD PROVINCIAL DEL CUSCO
_cBIBLIOTECA MUNICIPAL DEL CUSCO
082 _21ra. ed.
_a868.6 /
_bP36
100 _aPedros, Rámon
_92507
245 _aLos cuatro nocturnos y una lenta iluminacion cerca de Cherbourg :
_bPremio Leopoldo Panero 1973 /
_cPedros, Rámon
260 _aMadrid, España :
_bEdiciones Cultura Hispanica ,
_c1974.
300 _a68 paginas :
_c20 cm.
440 _aColeccion Poetica Leopoldo Panero
_92508
505 _aPoesia Hispana...
650 _aPoesia Hispana.
_92509
650 _aLiteratura Española.
_9612
700 _aPedros, Rámon
_92507
942 _2ddc
_cLIBROS
945 _artm
_d2019-02-25